| Tag |
First Indicator |
Second Indicator |
Subfields |
| LEADER |
00000cam a2200000 a 4500 |
| 001 |
in00000009883 |
| 005 |
20190112063101.0 |
| 008 |
861030s1987 nyua j b 00110ceng |
| 010 |
|
|
|a 86046198
|
| 020 |
|
|
|a 0823406253
|
| 035 |
|
|
|a (OCoLC)14718167
|
| 035 |
|
|
|9 AAA3715AM
|
| 040 |
|
|
|a DLC
|c DLC
|d TXA
|d UtOrBLW
|
| 043 |
|
|
|a n-us---
|
| 049 |
|
|
|a [Curr Col] TXAM
|c [A12641047]
|
| 050 |
0 |
0 |
|a E89
|b .F73 1987
|
| 082 |
0 |
|
|a 970.004/97
|a 920
|2 19
|
| 100 |
1 |
|
|a Freedman, Russell,
|d 1929-2018.
|
| 245 |
1 |
0 |
|a Indian chiefs /
|c Russell Freedman.
|
| 250 |
|
|
|a 1st ed.
|
| 264 |
|
1 |
|a New York :
|b Holiday House,
|c [1987]
|
| 264 |
|
4 |
|c ©1987
|
| 300 |
|
|
|a 151 pages :
|b illustrations ;
|c 26 cm.
|
| 336 |
|
|
|a text
|b txt
|2 rdacontent
|
| 337 |
|
|
|a unmediated
|b n
|2 rdamedia
|
| 338 |
|
|
|a volume
|b nc
|2 rdacarrier
|
| 520 |
|
|
|a Biographies of six Western Indian chiefs who led their people in a historic moment of crisis, when a decision had to be made about fighting or cooperating with the white pioneers encroaching on their grounds.
|
| 504 |
|
|
|a Bibliography: pages 143-144.
|
| 500 |
|
|
|a Includes index.
|
| 586 |
|
|
|a Texas Bluebonnet Award nominee, 1990.
|
| 650 |
|
0 |
|a Indians of North America
|v Biography
|v Juvenile literature.
|
| 650 |
|
1 |
|a Indians of North America
|x Biography.
|
| 999 |
|
|
|a MARS
|
| 999 |
f |
f |
|s 3acab7ac-0057-3057-9a9b-cc1b6b5df9a3
|i 1c983f3b-e854-34c3-9093-ddeebc4874bf
|t 0
|
| 952 |
f |
f |
|p ric
|a Texas A&M University
|b Rellis Campus
|c Joint Library Facility
|d Remote Storage
|t 0
|e E89 .F73 1987
|h Library of Congress classification
|i unmediated -- volume
|m A14812641047
|
| 998 |
f |
f |
|a E89 .F73 1987
|t 0
|l Remote Storage
|